000 00513nam a2200181Ia 4500
005 20250508150704.0
008 008 250505s9999 xx 000 0 eng d
037 _aTextual
040 _aFEDL
_beng
_cFEDL
041 _aeng
_2eng
084 _a371.422, DAV
_qFEDL
100 _aDavis Frank G
_9139939
245 0 _aGuidance handbook for teachers
260 _aNew York, USA
_bMcGraw-Hill Book Company
_c1949
300 _ax,344p.
942 _cTEXL
_h371.422, DAV
999 _c1325068
_d1325068